Library Banner

Sindh Balochistan law reports digest (Record no. 51823)

MARC details
000 -LEADER
fixed length control field 00645nam a2200229Ia 4500
001 - CONTROL NUMBER
control field 54415
003 - CONTROL NUMBER IDENTIFIER
control field OSt
005 - DATE AND TIME OF LATEST TRANSACTION
control field 20220121120750.0
008 - FIXED-LENGTH DATA ELEMENTS--GENERAL INFORMATION
fixed length control field 140505s9999 xx 000 0 und d
020 ## - INTERNATIONAL STANDARD BOOK NUMBER
International Standard Book Number NA
040 ## - CATALOGING SOURCE
Transcribing agency PK-LaUMT
082 ## - DEWEY DECIMAL CLASSIFICATION NUMBER
Classification number 348.5491026
Item number FAH-S
100 ## - MAIN ENTRY--PERSONAL NAME
Personal name Fahim Ahmed Siddqiqui
245 ## - TITLE STATEMENT
Title Sindh Balochistan law reports digest
Remainder of title 11 years complete digest 2001 to 2011
Statement of responsibility, etc Fahim Ahmed Siddqiqui<>Saeed Siddiqui
260 ## - PUBLICATION, DISTRIBUTION, ETC. (IMPRINT)
Place of publication, distribution, etc Karachi,Pakistan:
Name of publisher, distributor, etc Asia Law House,
Date of publication, distribution, etc 2012
300 ## - PHYSICAL DESCRIPTION
Extent 2209 p.
501 ## - WITH NOTE
With note 3 vols
546 ## - LANGUAGE NOTE
Language note EN
650 ## - SUBJECT ADDED ENTRY--TOPICAL TERM
Topical term or geographic name as entry element Sindh Balochistan-Law reports
700 ## - ADDED ENTRY--PERSONAL NAME
Personal name Saeed Siddiqui
942 ## - ADDED ENTRY ELEMENTS (KOHA)
Koha item type Law and Policy Journals
Source of classification or shelving scheme Dewey Decimal Classification
Holdings
Withdrawn status Lost status Source of classification or shelving scheme Damaged status Not for loan Home library Current library Date acquired Total Checkouts Full call number Barcode Date last seen Price effective from Koha item type
    Dewey Decimal Classification     UMT Main Campus UMT Main Campus 2014-05-05   348.5491026 FAH-S 64407 2014-05-08 2014-05-08 Books
    Dewey Decimal Classification     UMT Main Campus UMT Main Campus 2014-06-28   348.5491026 FAH-S 64408 2026-06-06 2014-06-28 Books
    Dewey Decimal Classification     UMT Main Campus UMT Main Campus 2014-06-28   348.5491026 FAH-S 64409 2014-06-28 2014-06-28 Books